[Event "Medellin Antioquia-ch"]
[Site "Medellin"]
[Date "2024.05.02"]
[Round "3"]
[White "Serna Cortes, Juan Camilo"]
[Black "Zapata Uribe, Juan Sebastian"]
[Result "0-1"]
[WhiteElo "1505"]
[BlackElo "1713"]
[PlyCount "51"]
[EventDate "2024.05.01"]
[EventType "swiss"]
[EventRounds "7"]
[EventCountry "COL"]
[SourceTitle "CBM 220 Extra"]
[Source "ChessBase"]
[SourceDate "2024.07.31"]
[SourceVersion "1"]
[SourceVersionDate "2024.07.31"]
[SourceQuality "1"]

1. d4 Nf6 2. Nc3 g6 3. e4 d6 4. f4 Bg7 5. e5 Nfd7 6. Nf3 0-0 7. Bc4 c5 8. e6 fxe6 9. Bxe6+ Kh8 10. Ng5 cxd4 11. Ne2 Qe8 12. Nxd4 Nf6 13. Qf3 Nh5 14. c3 h6 15. h4 Bxd4 16. cxd4 hxg5 17. Bxc8 Qxc8 18. hxg5 Kg7 19. g4 Nxf4 20. Bxf4 Nc6 21. Qe4 Qxg4 22. Rh6 Qg1+ 23. Ke2 Qg4+ 24. Kd3 Qf5 25. Qxf5 Rxf5 26. Rah1 0-1